Guess the Beabadoobee song by the first line - Statistics

General Stats
  • This quiz has been taken 263 times
  • The average score is 15 of 30
Answer Stats
Hint Answer % Correct
You do the dishes, I'll carry the load Coming Home
89%
Don't stay awake for too long Coffee
78%
And there's so much left to say the way things go
76%
Bobby was fourteen when she knew Bobby
68%
If you wanna dance then Dance with Me
68%
Sure, it's easy to talk Take A Bite
67%
Know it's been raining, I swear, I'm not lonely Sunny Day
65%
Don't think I'm over it, it hurt when I was 17 broken cd
63%
You're alright, you're still breathing Everest
62%
Swore I'd seen you before A Night To Remember
60%
Sleigh bells ring, are you listening, Winter Wonderland
60%
If you wanna take me If You Want To
59%
Miss your hair Soren
59%
In a way, I'm figuring it out at my own pace Girl Song
57%
Hey, won't you call me back? She Plays Bass
57%
Crash the car again Together
51%
I didn't think I'd ever want this yet Lovesong
50%
Said he's getting tired, running fast as he can Post
47%
Hold me close and say you care 1999
46%
He pretends he is my closest friend He Gets Me so High
46%
Is it me, or recently time is moving slowly? Beatopia Cultsong
45%
Yeah, Said I had to see you Sorry
40%
Back on old habits Charlie Brown
39%
You made it Last Day on Earth
39%
Your eyes are just like his Worth It
38%
Kiss me on my neck Disappear
36%
I paint a picture tinkerbell is overrated
32%
Keep your head Sun More Often
23%
I'm awake Home Alone
15%
Meet me by the corner shop First Date
10%
No matching quizzes found
Score Distribution
Percent of People with Each Score
Percentile by Number Answered
Your Score History
You have not taken this quiz